[Event "Florence op 17th"]
[Site "Florence"]
[Date "2009.12.07"]
[Round "3"]
[White "Tocchioni, Doriano"]
[Black "Corso, Roberto"]
[Result "1-0"]
[WhiteElo "2290"]
[BlackElo "2083"]
[PlyCount "127"]
[EventDate "2009.12.06"]
[EventType "swiss"]
[EventRounds "6"]
[EventCountry "ITA"]
[SourceTitle "EXT 2012"]
[Source "ChessBase"]
[SourceDate "2011.11.24"]
[SourceVersion "1"]
[SourceVersionDate "2011.11.24"]
[SourceQuality "1"]

1. Nf3 Nf6 2. g3 d5 3. Bg2 Bg4 4. c4 e6 5. Qb3 Qc8 6. Ne5 c6 7. Nc3 Bf5 8. cxd5 exd5 9. d4 Nbd7 10. Bf4 Be7 11. Rc1 Be6 12. 0-0 a6 13. Qd1 0-0 14. Nd3 Re8 15. Na4 Bf8 16. Ndc5 Bf5 17. f3 Bxc5 18. dxc5 Qd8 19. Re1 Qa5 20. a3 Rac8 21. b4 Qd8 22. Qd4 Qe7 23. g4 Bg6 24. Rc3 h6 25. Bd6 Qd8 26. h3 Re6 27. e4 dxe4 28. fxe4 Qe8 29. e5 Qd8 30. Rce3 Ne8 31. Nb2 Nc7 32. Nc4 Qh4 33. Na5 Nb5 34. Qd2 Qg5 35. Nxb7 Nxe5 36. Bxe5 Rxe5 37. Nd6 Rc7 38. Nxb5 axb5 39. Qe2 Rxe3 40. Qxe3 Qf6 41. Qe5 Qxe5 42. Rxe5 Kf8 43. Re2 f6 44. Rd2 Ke7 45. Rd6 Be8 46. Kf2 g6 47. Ke2 Ra7 48. Bxc6 Bxc6 49. Rxc6 Rxa3 50. Rb6 Rxh3 51. Kf2 h5 52. gxh5 Rxh5 53. Rxb5 Re5 54. Rb7+ Ke6 55. c6 Kd6 56. b5 Re7 57. b6 Re8 58. c7 Kd7 59. Rb8 Rc8 60. Ke3 g5 61. Kd4 g4 62. Kd5 Rxc7 63. bxc7 Kxc7 64. Rf8 1-0

[Event "ITA-ch sf g/5' 1st"]
[Site "Playchess.com INT"]
[Date "2006.02.25"]
[Round "8"]
[White "Corso, Roberto"]
[Black "Gilardone, Adriano"]
[Result "0-1"]
[WhiteElo "2101"]
[BlackElo "2133"]
[PlyCount "74"]
[EventDate "2006.02.25"]
[EventType "swiss (blitz)"]
[EventRounds "11"]
[EventCountry "ITA"]
[SourceTitle "CBM 111 Extra"]
[Source "ChessBase"]
[SourceDate "2006.05.09"]
[SourceVersion "1"]
[SourceVersionDate "2006.05.09"]
[SourceQuality "1"]

1. d4 d5 2. c4 e6 3. Nc3 f5 4. a3 Nf6 5. Nf3 c6 6. g3 Bd6 7. Bg2 Nbd7 8. c5 Bc7 9. h4 0-0 10. Ng5 Qe8 11. 0-0 h6 12. Nf3 Ne4 13. Kh2 Qh5 14. Bf4 Bxf4 15. gxf4 Ndf6 16. e3 Kh8 17. Ne5 Qxh4+ 18. Kg1 Kh7 19. Nxe4 fxe4 20. f3 Bd7 21. fxe4 Be8 22. exd5 Nxd5 23. Bxd5 cxd5 24. Qg4 Qe7 25. Rf2 Rf5 26. Rg2 Bh5 27. Qg3 Rg8 28. Rh2 Qf6 29. Qh4 g5 30. Qxh5 gxf4+ 31. Kf2 fxe3+ 32. Kxe3 Rxh5 33. Rxh5 Rg3+ 34. Ke2 Qf4 35. Rah1 Rg2+ 36. Ke1 Qd2+ 37. Kf1 Qf2# 0-1

[Event "ITA-ch sf g/5' 1st"]
[Site "Playchess.com INT"]
[Date "2006.02.25"]
[Round "1"]
[White "Rombaldoni, Denis"]
[Black "Corso, Roberto"]
[Result "1-0"]
[WhiteElo "2292"]
[BlackElo "2101"]
[PlyCount "61"]
[EventDate "2006.02.25"]
[EventType "swiss (blitz)"]
[EventRounds "11"]
[EventCountry "ITA"]
[SourceTitle "CBM 111 Extra"]
[Source "ChessBase"]
[SourceDate "2006.05.09"]
[SourceVersion "1"]
[SourceVersionDate "2006.05.09"]
[SourceQuality "1"]

1. d4 d5 2. c4 Nc6 3. Nf3 Bg4 4. cxd5 Bxf3 5. gxf3 Qxd5 6. e3 e5 7. Nc3 Bb4 8. Bd2 Bxc3 9. bxc3 exd4 10. cxd4 Nf6 11. Bc3 0-0-0 12. e4 Rhe8 13. Bh3+ Kb8 14. 0-0 Qg5+ 15. Kh1 Nh5 16. Rg1 Qh4 17. Bf1 Qxf2 18. d5 Ne5 19. Bxe5 Rxe5 20. Rg2 Qe3 21. Rb1 b6 22. Rb3 Qh6 23. Bb5 Nf4 24. Rc2 Rh5 25. Rbc3 Nh3 26. Qf1 Rc8 27. Bd7 Rd8 28. Bxh3 Rxh3 29. Rxc7 Qe3 30. R7c3 Qf4 31. Qxh3 1-0

[Event "Imperia op-A 44th"]
[Site "Imperia"]
[Date "2002.09.06"]
[Round "7"]
[White "Faraci, Antonino"]
[Black "Corso, Roberto"]
[Result "1-0"]
[WhiteElo "2087"]
[BlackElo "2023"]
[PlyCount "97"]
[EventDate "2002.09.01"]
[EventType "swiss"]
[EventRounds "9"]
[EventCountry "ITA"]
[SourceTitle "EXT 2007"]
[Source "ChessBase"]
[SourceDate "2006.11.23"]
[SourceVersion "1"]
[SourceVersionDate "2006.11.23"]
[SourceQuality "1"]

1. c4 c5 2. Nc3 e6 3. e4 a6 4. Nf3 Qc7 5. d4 cxd4 6. Nxd4 d6 7. Be2 Nf6 8. 0-0 Nbd7 9. Be3 Be7 10. Rc1 b6 11. b3 Bb7 12. f3 0-0 13. g4 Rac8 14. Qe1 Qb8 15. g5 Ne8 16. Qh4 Qa8 17. Bd3 Ne5 18. Bb1 Ng6 19. Qh5 Rc5 20. f4 Nf6 21. Qf3 Nd7 22. Qg4 Rc7 23. h4 Nc5 24. h5 Nh8 25. f5 exf5 26. Nxf5 Bc8 27. Nd5 Qa7 28. Nxc7 Qxc7 29. Qg3 Bxf5 30. exf5 Rd8 31. f6 Bf8 32. g6 h6 33. fxg7 Bxg7 34. gxf7+ Nxf7 35. Qg6 d5 36. Rxf7 Qxf7 37. Qh7+ Kf8 38. Rf1 Bf6 39. Bxc5+ bxc5 40. Qxh6+ Ke7 41. Qe3+ Kd7 42. Bg6 Qg7 43. Qh3+ Kd6 44. cxd5 Bd4+ 45. Kh1 Kxd5 46. Rf7 Qh6 47. Qf1 Rd6 48. Qf3+ Ke5 49. Qf5# 1-0

[Event "Lucca op 12th"]
[Site "Lucca"]
[Date "2000.10.15"]
[Round "6"]
[White "Calugi, Francesco"]
[Black "Corso, Roberto"]
[Result "1/2-1/2"]
[WhiteElo "1804"]
[BlackElo "1705"]
[PlyCount "50"]
[EventDate "2000.10.07"]
[EventType "swiss"]
[EventRounds "6"]
[EventCountry "ITA"]
[SourceTitle "EXT 2002"]
[Source "ChessBase"]
[SourceDate "2001.11.25"]
[SourceVersion "1"]
[SourceVersionDate "2001.11.25"]
[SourceQuality "1"]

1. e4 c5 2. Nf3 e6 3. d4 cxd4 4. Nxd4 a6 5. Bd3 Qc7 6. Qe2 b5 7. 0-0 Bb7 8. a4 bxa4 9. Nc3 a3 10. Nd1 axb2 11. Bxb2 Nf6 12. Nc3 Nc6 13. Nxc6 Qxc6 14. Kh1 d5 15. exd5 Nxd5 16. Be4 Qc5 17. Nxd5 Bxd5 18. Bxd5 Qxd5 19. Rxa6 Rxa6 20. Qxa6 f6 21. c4 Qd6 22. Qa4+ Kf7 23. Rd1 Qb6 24. Qd7+ Be7 25. Ba3 Re8 1/2-1/2

[Event "Lucca op 12th"]
[Site "Lucca"]
[Date "2000.10.08"]
[Round "2"]
[White "Corso, Roberto"]
[Black "Masullo, Andrea"]
[Result "1-0"]
[WhiteElo "1705"]
[BlackElo "1837"]
[PlyCount "75"]
[EventDate "2000.10.07"]
[EventType "swiss"]
[EventRounds "6"]
[EventCountry "ITA"]
[SourceTitle "EXT 2002"]
[Source "ChessBase"]
[SourceDate "2001.11.25"]
[SourceVersion "1"]
[SourceVersionDate "2001.11.25"]
[SourceQuality "1"]

1. d4 Nf6 2. Nf3 g6 3. Bf4 Bg7 4. e3 d6 5. h3 Nbd7 6. Be2 0-0 7. 0-0 b6 8. c3 Bb7 9. a4 a5 10. Na3 Re8 11. Bh2 c6 12. b4 axb4 13. cxb4 Nd5 14. Qb3 N7f6 15. Nd2 e5 16. dxe5 dxe5 17. Rfd1 Qe7 18. Rab1 Rad8 19. Nac4 Nd7 20. Ne4 Rf8 21. a5 b5 22. Ncd2 Rfe8 23. Rdc1 Bf8 24. Nc5 Nxc5 25. bxc5 Nf4 26. exf4 Rxd2 27. Qe3 Rd5 28. fxe5 Rxc5 29. Bf3 Rxc1+ 30. Rxc1 c5 31. Be2 b4 32. Bf4 Ra8 33. Bg5 Qe6 34. Bg4 f5 35. exf6 Qxe3 36. Bxe3 Kf7 37. Bxc5 Rc8 38. Bxc8 1-0